Tous les pokémon de Trace - Statistiques

Statistiques générales
  • Ce quiz a été pris 21 fois
  • Le résultat moyen est 9 sur 14
Statistiques - réponses
Hint Réponse % Correct
Evoli
100%
Let's Go Pikachu & Evoli Pikachu
100%
Roucarnage
80%
Raichu
73%
Roucoups
73%
Voltali
73%
Roucool
67%
Ossatueur
60%
Rafflesia
60%
Mystherbe
53%
Ortide
53%
Osselait
53%
Galopa
47%
Flagadoss
33%
Aucun quiz correspondant
Distribution des résultats
% des personnes avec chaque résultat
Percentile par nombre de réponses
Votre historique - résultats
Vous n’avez pas pris ce quiz